Statistics for Countries More Corrupt Than Their Neighbors

Click here to take the quiz!

General Stats

  • This quiz has been taken 9 times
    (8 since last reset)
  • The average score is 14 of 29

Answer Stats

CDIBordered ByCountry% Correct
15China, Iran, Pakistan, Tajikistan, Turkmenistan, UzbekistanAfghanistan
83%
13Iraq, Israel, Jordan, Lebanon, TurkeySyria
83%
17Brazil, Colombia, GuyanaVenezuela
83%
29China, IndiaNepal
67%
8China, Russia, South KoreaNorth Korea
67%
10Djibouti, Ethiopia, KenyaSomalia
67%
11Central African Republic, Democratic Republic of the Congo, Ethiopia, Kenya, Sudan, UgandaSouth Sudan
67%
14Oman, Saudi ArabiaYemen
67%
22Botswana, Mozambique, South Africa, ZambiaZimbabwe
67%
20Democratic Republic of the Congo, Rwanda, TanzaniaBurundi
50%
21Laos, Thailand, VietnamCambodia
50%
28Belize, El Salvador, Honduras, MexicoGuatemala
50%
16Guinea, SenegalGuinea-Bissau
50%
20Dominican RepublicHaiti
50%
73United KingdomIreland
50%
32Benin, Burkina Faso, GhanaTogo
50%
18Democratic Republic of the Congo, Namibia, Republic of the Congo, ZambiaAngola
33%
31Colombia, PeruEcuador
33%
26SenegalGambia
33%
47Austria, France, San Marino, Slovenia, Switzerland, Vatican CityItaly
33%
39South AfricaLesotho
33%
27Algeria, Mali, Morocco, SenegalMauritania
33%
26Costa Rica, HondurasNicaragua
33%
28IndonesiaPapua New Guinea
33%
30Argentina, Bolivia, BrazilParaguay
33%
26India, MyanmarBangladesh
17%
35IndonesiaEast Timor
17%
36Albania, Macedonia, Montenegro, SerbiaKosovo
17%
39Croatia, Montenegro, SerbiaBosnia and Herzegovina
0%

Score Distribution

Percentile by Number Answered

Percent of People with Each Score

Your Score History

You have not taken this quiz since the last reset